Normal view
MARC view
- Kirwan, Mark J.
Entry Personal Name
001 - CONTROL NUMBER
- control field: 71
003 - CONTROL NUMBER IDENTIFIER
- control field: OSt
005 - DATE AND TIME OF LATEST TRANSACTION
- control field: 20140328111425.0
008 - FIXED-LENGTH DATA ELEMENTS
- fixed length control field: 140328|| aca||aabn | a|a d
040 ## - CATALOGING SOURCE
- Original cataloging agency: OSt
- Transcribing agency: OSt
100 ## - HEADING--PERSONAL NAME
- Personal name: Kirwan, Mark J.
670 ## - SOURCE DATA FOUND
- Source citation: Work cat.: (OSt)14089: Food and beverage packaging technology /, 2011.
